000 00393cam a22001097a 4500
008 180718bn.d. xxu||||| |||| 00| 0 eng d
082 _aB811x71 C16c/45/H
100 _aCanada. Cabinet Committee on Dominion-Provincial Relations
245 _aHealth, welfare and labour: reference book for Dominion-Provincial conference on Reconstruction
260 _aOttawa
_bThe author
_cn.d.
300 _a124p.
999 _c488891
_d488891